[Event "PNWCC-Pirot Hybrid m3"]
[Site "Chess.com INT"]
[Date "2021.10.24"]
[Round "4"]
[White "Sivakumar, Shaaketh"]
[Black "Trickovic, Borivoje"]
[Result "1/2-1/2"]
[WhiteElo "2051"]
[BlackElo "2176"]
[PlyCount "69"]
[EventDate "2021.10.23"]
[EventType "team-match"]
[EventRounds "4"]
[EventCountry "USA"]
[SourceTitle "CBM 204 Extra"]
[Source "ChessBase"]
[SourceDate "2021.11.30"]
[SourceVersion "1"]
[SourceVersionDate "2021.11.30"]
[SourceQuality "1"]
[WhiteTeam "PNWCC"]
[BlackTeam "Pirot"]
[WhiteTeamCountry "USA"]
[BlackTeamCountry "SRB"]

1. e4 d6 2. d4 e5 3. d5 f5 4. exf5 Bxf5 5. c4 Nf6 6. Nc3 Be7 7. Nge2 0-0 8. Ng3 Bg6 9. Bd3 Bxd3 10. Qxd3 Na6 11. 0-0 Nc5 12. Qe2 Qe8 13. b4 Ncd7 14. Nb5 Bd8 15. Nc3 Qg6 16. Bd2 c6 17. Rfd1 cxd5 18. cxd5 h5 19. Nge4 Nxe4 20. Qxe4 Qf7 21. Qe2 Nf6 22. Be3 Ng4 23. Ne4 Qg6 24. Nd2 Nxe3 25. fxe3 Rc8 26. Rac1 Bg5 27. Nf3 Bh6 28. Rxc8 Rxc8 29. e4 a6 30. Nh4 Qg5 31. Nf5 Rc1 32. h4 Qf4 33. Rxc1 Qxc1+ 34. Kh2 g6 35. Nxh6+ 1/2-1/2

[Event "PNWCC-Pirot Hybrid m2"]
[Site "Chess.com INT"]
[Date "2021.10.16"]
[Round "2"]
[White "Trickovic, Borivoje"]
[Black "Sivakumar, Shaaketh"]
[Result "1/2-1/2"]
[WhiteElo "2176"]
[BlackElo "2051"]
[PlyCount "57"]
[EventDate "2021.10.16"]
[EventType "team-match"]
[EventRounds "4"]
[EventCountry "USA"]
[SourceTitle "EXT 2023"]
[Source "ChessBase"]
[SourceDate "2022.10.05"]
[SourceVersion "1"]
[SourceVersionDate "2022.10.05"]
[SourceQuality "1"]
[WhiteTeam "Pirot"]
[BlackTeam "PNWCC"]
[WhiteTeamCountry "SRB"]
[BlackTeamCountry "USA"]

1. d4 e6 2. Nf3 Nf6 3. g3 b6 4. Bg2 Bb7 5. 0-0 g6 6. c4 Bg7 7. Nbd2 0-0 8. Qc2 c5 9. b3 cxd4 10. Nxd4 Bxg2 11. Kxg2 Nc6 12. Nxc6 dxc6 13. Bb2 Qc7 14. Rfd1 c5 15. Nf3 Rfd8 16. Be5 Qe7 17. Rxd8+ Rxd8 18. Rd1 Rxd1 19. Qxd1 Ne8 20. Bxg7 Kxg7 21. Qd3 f6 22. Qe4 Nd6 23. Qc6 e5 24. a4 Nf5 25. e3 Qd6 26. Qb7+ Qe7 27. Qc6 Qd6 28. Qb7+ Qe7 29. Qc6 1/2-1/2

[Event "SRB-chT2 East"]
[Site "Zajecar"]
[Date "2013.10.11"]
[Round "3"]
[White "Trickovic, Borivoje"]
[Black "Pantic, Dejan"]
[Result "1-0"]
[WhiteElo "2259"]
[BlackElo "1859"]
[PlyCount "63"]
[EventDate "2013.10.10"]
[EventType "team-swiss"]
[EventRounds "8"]
[EventCountry "SRB"]
[SourceTitle "EXT 2014"]
[Source "ChessBase"]
[SourceDate "2013.11.20"]
[SourceVersion "1"]
[SourceVersionDate "2013.11.20"]
[SourceQuality "1"]

1. d4 Nf6 2. Bg5 d5 3. Bxf6 exf6 4. e3 Be7 5. Bd3 c5 6. dxc5 Bxc5 7. Nf3 Bg4 8. c3 Nc6 9. Nbd2 0-0 10. Qa4 Bh5 11. Nb3 Bb6 12. 0-0-0 Ne5 13. Be2 Ng4 14. Nfd4 Nxf2 15. Bxh5 Nxh1 16. Rxh1 Qe8 17. Qxe8 Rfxe8 18. Kd2 Re5 19. Bf3 Rae8 20. Re1 f5 21. Nc2 g5 22. Nbd4 g4 23. Be2 Bd8 24. Bb5 R8e7 25. Rf1 a6 26. Bd3 Re8 27. Bxf5 Bg5 28. Bxg4 Bxe3+ 29. Nxe3 Rxe3 30. Bh5 R8e5 31. Bxf7+ Kh8 32. Bxd5 1-0

[Event "SRB-chT2 East CS"]
[Site "Serbia"]
[Date "2011.10.15"]
[Round "9.53"]
[White "Trickovic, Borivoje"]
[Black "Kalcic, Krsta"]
[Result "1-0"]
[WhiteElo "2211"]
[BlackElo "2238"]
[PlyCount "65"]
[EventDate "2011.09.11"]
[EventType "team"]
[EventRounds "11"]
[EventCountry "SRB"]
[SourceTitle "EXT 2015"]
[Source "ChessBase"]
[SourceDate "2014.11.20"]
[SourceVersion "1"]
[SourceVersionDate "2014.11.20"]
[SourceQuality "1"]

1. d4 d5 2. g3 Nf6 3. Bg2 c6 4. Nf3 Bg4 5. c4 e6 6. Nbd2 Nbd7 7. h3 Bh5 8. 0-0 Bd6 9. b3 0-0 10. Bb2 Qb8 11. Nh4 e5 12. cxd5 cxd5 13. dxe5 Bxe5 14. Bxe5 Qxe5 15. Ndf3 Qb2 16. g4 Bg6 17. Nxg6 hxg6 18. g5 Nh5 19. Qxd5 Nb6 20. Qd2 Qa3 21. e3 Rad8 22. Qc2 Rd5 23. Rfd1 Rc5 24. Qe4 Rfc8 25. h4 Rc2 26. Rd8+ Kh7 27. Rxc8 Rxc8 28. Qxb7 Rc2 29. Rf1 Qxa2 30. Nd4 Rd2 31. Qxf7 Ng3 32. h5 Nxh5 33. Be4 1-0

[Event "SRB-chT2"]
[Site "Golubac"]
[Date "2008.09.21"]
[Round "2"]
[White "Tosic, Nebojsa"]
[Black "Trickovic, Borivoje"]
[Result "1-0"]
[WhiteElo "2210"]
[BlackElo "2266"]
[PlyCount "91"]
[EventDate "2008.09.20"]
[EventType "team-tourn"]
[EventRounds "11"]
[EventCountry "YUG"]
[SourceTitle "EXT 2010"]
[Source "ChessBase"]
[SourceDate "2010.11.25"]
[SourceVersion "1"]
[SourceVersionDate "2010.11.25"]
[SourceQuality "1"]

1. e4 Nf6 2. e5 Nd5 3. c4 Nb6 4. c5 Nd5 5. Bc4 c6 6. Qf3 d6 7. Nc3 dxe5 8. Nxd5 cxd5 9. Bxd5 e6 10. Bxb7 Bxb7 11. Qxb7 Nd7 12. b4 Rb8 13. Qe4 Qc7 14. Nf3 Be7 15. a3 0-0 16. 0-0 f5 17. Qc4 Qc6 18. Bb2 Bf6 19. Rfe1 e4 20. Bxf6 Rxf6 21. Nd4 Qd5 22. Qxd5 exd5 23. f4 a6 24. Rab1 Rc8 25. Rec1 Nb8 26. Kf2 Nc6 27. Nxc6 Rfxc6 28. Ke3 d4+ 29. Kf2 Kf7 30. Rc4 Rd8 31. a4 e3+ 32. Ke2 Rg6 33. g3 Rh6 34. Rh1 exd2 35. Kxd2 Re6 36. c6 d3 37. Re1 Red6 38. b5 axb5 39. axb5 Rb8 40. Rc5 Ra8 41. Kc3 Ra2 42. Kb3 Re2 43. Rxf5+ Ke6 44. Rxe2+ Kxf5 45. Rd2 Ke4 46. c7 1-0

[Event "YUG-Cup 36th"]
[Site "Becici"]
[Date "1993.05.19"]
[Round "3"]
[White "Trickovic, Borivoje"]
[Black "Nikolic, Zivoslav"]
[Result "0-1"]
[WhiteElo "2285"]
[BlackElo "2485"]
[PlyCount "124"]
[EventDate "1993.??.??"]
[EventType "team"]
[EventRounds "6"]
[EventCountry "YUG"]
[SourceTitle "EXT 2000"]
[Source "ChessBase"]
[SourceDate "1999.11.16"]
[SourceVersion "1"]
[SourceVersionDate "1999.11.16"]
[SourceQuality "1"]
[WhiteTeam "Progres/Pirot"]
[BlackTeam "Gosa"]
[WhiteTeamCountry "YUG"]
[BlackTeamCountry "YUG"]

1. Nf3 g6 2. g3 Bg7 3. Bg2 e5 4. d3 d5 5. 0-0 Ne7 6. c3 0-0 7. Nbd2 Nbc6 8. e4 h6 9. Re1 Re8 10. h3 Be6 11. Qc2 Qd7 12. Kh2 f5 13. b4 a6 14. Bb2 g5 15. a3 Ng6 16. Nb3 b6 17. exd5 Bxd5 18. c4 Bf7 19. Rad1 Re7 20. Nfd2 Rd8 21. Nf1 Nd4 22. Nxd4 exd4 23. Rxe7 Qxe7 24. Qd2 f4 25. Re1 Qd6 26. Be4 Be5 27. Kg2 Rf8 28. Qe2 Bg7 29. Bc1 c5 30. Bd2 Re8 31. Qd1 Rf8 32. Qa4 Be8 33. Qxa6 fxg3 34. fxg3 Qf6 35. Qb7 Ne5 36. b5 Bh5 37. Qd5+ Kh8 38. g4 Qf2+ 39. Kh1 Bg6 40. Bg2 Bxd3 41. Rxe5 Bxf1 42. Rf5 Bxg2+ 43. Qxg2 Qxg2+ 44. Kxg2 Ra8 45. h4 gxh4 46. g5 hxg5 47. Bxg5 Rxa3 48. Bxh4 d3 49. Bf6 d2 50. Bxg7+ Kxg7 51. Rd5 Ra2 52. Kf1 Rc2 53. Ke2 Rxc4 54. Rd7+ Kf6 55. Rd6+ Ke5 56. Rxb6 Rc2 57. Kd1 Rb2 58. Rb8 c4 59. Re8+ Kd4 60. Rd8+ Kc3 61. Ke2 Rxb5 62. Rxd2 Rb2 0-1

[Event "YUG-Cup 36th"]
[Site "Becici"]
[Date "1993.05.17"]
[Round "1"]
[White "Nikcevic, Nebojsa"]
[Black "Trickovic, Borivoje"]
[Result "1-0"]
[WhiteElo "2395"]
[BlackElo "2285"]
[PlyCount "55"]
[EventDate "1993.??.??"]
[EventType "team"]
[EventRounds "6"]
[EventCountry "YUG"]
[SourceTitle "EXT 2000"]
[Source "ChessBase"]
[SourceDate "1999.11.16"]
[SourceVersion "1"]
[SourceVersionDate "1999.11.16"]
[SourceQuality "1"]
[WhiteTeam "Bojovic/Niksic"]
[BlackTeam "Progres/Pirot"]
[WhiteTeamCountry "YUG"]
[BlackTeamCountry "YUG"]

1. Nf3 Nf6 2. c4 c5 3. Nc3 Nc6 4. e3 e6 5. d4 d5 6. a3 dxc4 7. Bxc4 a6 8. 0-0 Be7 9. Qe2 0-0 10. dxc5 Bxc5 11. b4 Be7 12. Bb2 b5 13. Ba2 Qb6 14. e4 Rd8 15. Rad1 Bb7 16. e5 Ne8 17. Ne4 Rxd1 18. Rxd1 Rd8 19. Re1 a5 20. Nfg5 h6 21. Nxf7 Kxf7 22. Qh5+ Kg8 23. Nf6+ Nxf6 24. exf6 Bxf6 25. Bxf6 gxf6 26. Bxe6+ Kh7 27. Bf5+ Kg8 28. Qg6+ 1-0